• 首页
  • 本馆介绍
  • 公告通知
  • 最新文献
  • 馆藏检索
  • 电子资源
  • 读者导购
  • 参考咨询
  • 我的图书馆
  • 登录
  • 详细信息显示
  • 放入我的书架
  • 预约/预借图书
  • 作者相关作品
  • 分类相关作品
  • 丛书相关作品
  • 出版社相关作品

书目信息

  • 表格格式
  • 工作单格式
  • 卡片格式
题名:
课堂创新教学研究
    
 
作者: 周光岑 主编
分册:  
出版信息: 成都   电子科技大学出版社  2002
页数: 578页
开本: 21cm
丛书名: 教育科研系列丛书
单 册:
中图分类: G424.21
科图分类:
主题词: 课堂教学--教学研究 , 课堂教学 , 教学研究
电子资源:
ISBN: 7-81065-994-4
000 00880oam2 2200277 45
001 012006200
005 20070106151912.96
010    @a7-81065-994-4@dCNY46.50
092    @aCN@b496446
100    @a20060614e20052002em y0chiy0120 ea
101 0  @achi
102    @aCN@b510000
105    @ay z 000yy
200 1  @a课堂创新教学研究@Ake tang chuang xin jiao xue yan jiu@f周光岑主编@Fzhou guang cen zhu bian
210    @a成都@c电子科技大学出版社@d2002@h2005重印
215    @a578页@d21cm
225 2  @a教育科研系列丛书
330    @a本书分为两部分,第一篇为创新教学论文;第二篇为创新教学模块,对课堂教学作了深入的分析和研究。
461  0 @12001 @a教育科研系列丛书
606 0  @a课堂教学@x教学研究
606 0  @a课堂教学
606 0  @a教学研究
690    @aG424.21@v4
701  0 @a周光岑@Azhou guang cen@4主编
801  0 @aCN@bLZJBOOK@c20070106
905    @a10447@dG424.21@e151
    
    课堂创新教学研究/周光岑主编.-成都:电子科技大学出版社,2002(2005重印)
    578页;21cm.-(教育科研系列丛书)
    
    
    ISBN 7-81065-994-4:CNY46.50
    本书分为两部分,第一篇为创新教学论文;第二篇为创新教学模块,对课堂教学作了深入的分析和研究。
●
相关链接 在E读中查询图书 在五车中查询图书 在当当中查询图书 在豆瓣中查询图书


正题名:课堂创新教学研究     索取号:G424.21/151         预约/预借

序号 登录号 条形码 馆藏地/架位号 状态 备注
1 0556514   205565146   第一样本阅览室/ [索取号:G424.21/151] 在馆    
2 0556515   205565155   第四借阅区/ [索取号:G424.21/151] 在馆    
3 0556516   205565164   第四借阅区/ [索取号:G424.21/151] 在馆    
4 0556517   205565173   密集书库/ [索取号:G424.21/151] 在馆    
5 0556518   205565182   密集书库/ [索取号:G424.21/151] 在馆    
6 0556519   205565191   第四借阅区/ [索取号:G424.21/151] 在馆    
7 0556520   205565208   密集书库/ [索取号:G424.21/151] 在馆    
8 0556521   205565217   第四借阅区/ [索取号:G424.21/151] 在馆    
唐山师范学院图书馆 欢迎您!
大连网信软件有限公司© 版权所有